Responses for show #8301 - Monday, December 14, 2020

Contestants

[<< previous game]

Jeffrey Williams, a television editor originally from Detroit, Michigan

Valerie Castelo, a career counselor from San Leandro, California

Kate Freeman, a financial analyst originally from Lake Orion, Michigan (whose 1-day cash winnings total $5,599)

[next game >>]

Jeopardy! Round responses

BARBIE CELEBRATES ROLE MODELS
SEZ YOU, SHAKESPEARE!
(Alex: You have to identify the character quoted.)
THE BIG, LITTLE OR NO BANG
WORLD CAPITAL BINGO
BLENDED WORDS
OLYMPIC SPORTS YOU CAN DO BAREFOOT
    $200 4
Rosa Parks

Jeffrey
    $200 16
(Valerie: Who is Othello?)

Iago

ValerieJeffrey
    $200 21
(Kate: Who is the weasel? What is [*]?)

"Pop Goes The Weasel"

Kate
    $200 14
Nairobi

Jeffrey
    $200 11
hangry

Valerie
    $200 26
the marathon

Kate
    $400 5
Sally Ride

Kate
    $400 17
King Lear

Jeffrey
    $400 22
Mission: Impossible

Valerie
    $400 15
Bangkok

Jeffrey
    $400 10
a podcast

Valerie
    $600 6
a hijab

Jeffrey
    $600 18
Hamlet

Jeffrey
    $600 23
(Kate: What is the Hudson?)
...
(Alex: Less than a minute now.)

the East River

KateJeffrey
    $600 1
Islamabad

Kate
    $600 9
a mocktail

Valerie
    $600 29
[The end-of-round signal sounds.]

the balance beam

Kate
    $800 7
Ella Fitzgerald

Jeffrey
    $800 19
Lady Macbeth

Jeffrey
    $800 24
Halifax

Valerie
    $800 2
Georgetown

Kate
    $800 12
Labradoodle

Kate
    $800 28
beach volleyball

Valerie
    $1000 8
Billie Jean King

Kate
    $4,200 20
(Alex: You seem to know your Shakespeare.)
(Jeffrey: You're gonna make me do it; True Daily Double.)
(Alex: I'm not gonna make you do it; you're gonna do it.)
...
[Enthusiastic applause]

Prospero

Jeffrey
    $1000 25
Guy Fawkes

Valerie
    $1000 3
Oslo

Valerie
    $1000 13
Oxbridge

Valerie
    $1000 27
judo

Kate

Scores at the first commercial break (after clue 15):

Kate Valerie Jeffrey
$3,600 $3,200 $2,200

Scores at the end of the Jeopardy! Round:

Kate Valerie Jeffrey
$5,000 $6,000 $9,000

Double Jeopardy! Round responses

THE FIRST NOBEL
THE ANGELS DID SAY
HISTORIC DECLARATIONS
INVENTED LANGUAGES
MOVIES BY MATCHUP
GRAMM"OR"
(Alex: Those letters will begin each correct response.)
    $400 23
World War I

Kate
    $400 22
Dwarf

Jeffrey
    $400 16
The Karate Kid

Valerie
    $400 2
order

Valerie
    $800 15
X-rays

Jeffrey
    $800 28
[The end-of-round signal sounds.]

John the Baptist

Kate
    $800 12
(Jeffrey: What is the Constitution?)

the Bill of Rights

KateJeffrey
    $3,000 6
Esperanto

Valerie
    $800 17
Kill Bill

Jeffrey
    $800 3
an orphan preposition

Triple Stumper
    $1200 13
the Red Cross

Kate
    $1200 24
Lot

Kate
    $1200 9
Seneca Falls

Valerie
    $1200 1
Scotty

Jeffrey
    $1200 18
Grease

Valerie
    $1200 4
ordinal

Jeffrey
    $1600 14
the French Academy (Académie Française)

Triple Stumper
    $1600 25
(Alex: With less than a minute now.)

a centurion

Kate
    $1600 10
Indigenous Peoples

Valerie
    $1600 7
the Dothraki

Valerie
    $1600 19
Dodgeball

Valerie
    $1600 5
orient

Valerie
    $8,000 27
immunology

Kate
    $2000 26
Balaam

Triple Stumper
    $2000 11
(Kate: Who is Charles?)
(Alex: Be more specific.)
(Kate: Charles I.)

Charles II

KateValerie
    $2000 8
(Thomas) More

Kate
    $2000 20
The Hustler

Triple Stumper
    $2000 21
ordinary

Jeffrey

Scores at the end of the Double Jeopardy! Round:

Kate Valerie Jeffrey
$19,000 $20,600 $14,600

[wagering suggestions for these scores]

Final Jeopardy! Round responses

FAMOUS PLACES
JeffreyWhat is Centre Pompidou
$12,000
KateWhat is the LA Opera House
$19,000
ValerieWhat is the Sydney Opera House?
$17,401
the Sydney Opera House

Final scores:

Kate Valerie Jeffrey
$0 $38,001 $2,600
3rd place: $1,000 New champion: $38,001 2nd place: $2,000

Game dynamics:

Coryat scores:

Kate Valerie Jeffrey
$13,000 $18,400 $11,400
17 R
(including 1 DD),
2 W
19 R
(including 1 DD),
1 W
17 R
(including 1 DD),
1 W

Combined Coryat: $42,800

The J! Archive is created by fans, for fans. The Jeopardy! game show and all elements thereof, including but not limited to copyright and trademark thereto, are the property of Jeopardy Productions, Inc. and are protected under law. This website is not affiliated with, sponsored by, or operated by Jeopardy Productions, Inc. Join the discussion at JBoard.tv.